| 000 | 01276nam a2200337 a 4500 | ||
|---|---|---|---|
| 001 | 000110910 | ||
| 003 | CHAP | ||
| 005 | 20220329144150.0 | ||
| 008 | 141021s2014 mx a fsm |||||||spa d | ||
| 010 | _a107372 | ||
| 011 | _a108344 | ||
| 040 | _cCHAP | ||
| 090 | _aTesis | ||
| 100 | 1 |
_aRamírez Guillén, Viviana del Rocio _9128670 |
|
| 245 | 1 | 0 |
_aEfectividad biológica de dos formulados de hongos entomopatógenos en el control de una plaga de nuez almacenado _h[En línea] _cpor Viviana del Rocío Ramírez Guillén. |
| 260 |
_aChapingo, Méx. : _bEl autor, _c2014. |
||
| 500 | _aPara ver el contenido del material haga clic en la liga | ||
| 502 | _aTesis (Ing. Agr. Esp. en Parasitología Agrícola) -- UACH. Departamento de Parasitología Agrícola | ||
| 590 |
_aE11695DGD _b10 _c20141021 _lUCH01 _h1030 |
||
| 590 |
_aE5995AHE _b05 _c20141021 _lUCH01 _h0936 |
||
| 590 |
_aE5995AHE _b05 _c20141021 _lUCH01 _h0936 |
||
| 590 |
_aE5995AHE _b05 _c20141021 _lUCH01 _h0940 |
||
| 650 |
_aNuez _xPlagas _982188 |
||
| 650 | 1 | 4 |
_aControl de plagas. _927595 |
| 650 | 1 | 4 |
_aHongos entomopatógenos. _9127490 |
| 650 | 1 | 4 |
_aNuez _xAlmacenamiento. _982171 |
| 856 |
_aFinding aid _uhttp://10.13.5.2/tesis/sist110910.pdf _zTeclea aquí |
||
| 901 | _aBK | ||
| 942 | _cTESIS | ||
| 942 | _n0 | ||
| 999 |
_c107372 _d107372 |
||